Pasando revista al sistema de notificaciones en el procedimiento laboral de la provincia de Buenos Aires (Registro nro. 33705)
[ vista simple ]
| 000 -LEADER | |
|---|---|
| fixed length control field | 00470 a2200133 4500 |
| 001 - CONTROL NUMBER | |
| control field | ART_49686 |
| 005 - DATE AND TIME OF LATEST TRANSACTION | |
| control field | 20260410162028.0 |
| 008 - FIXED-LENGTH DATA ELEMENTS--GENERAL INFORMATION | |
| fixed length control field | 260409a |
| 100 1# - MAIN ENTRY--PERSONAL NAME | |
| Personal name | Tula, Diego J. |
| 245 10 - TITLE STATEMENT | |
| Title | Pasando revista al sistema de notificaciones en el procedimiento laboral de la provincia de Buenos Aires |
| 700 1# - ADDED ENTRY--PERSONAL NAME | |
| Personal name | García Cossovich, Alvaro |
| 700 1# - ADDED ENTRY--PERSONAL NAME | |
| Personal name | Coello Grassi, Fabricio J. |
| 773 0# - HOST ITEM ENTRY | |
| Title | Temas de derecho procesal |
| Related parts | - N° 10 (oct. 2019) |
| Record control number | REV44095 |
No hay ítems disponibles.